000 00659nam a2200217Ia 4500
003 GCL
008 140319s9999 xx 000 0 ara d
040 _aGCL /
_cGCL
082 0 4 _a622.42
_bر ت
100 1 _aرمضان احمد محمود
245 1 0 _aتكييف الهواء مبادئ وتطبيقات /
_cرمضان احمد محمود
260 _a[S.N] :
_bمنشاة المعارف الاسلامية ،
_c1993
300 _a562 ص
490 _a
650 0 4 _aالتبريد
650 0 4 _aتكييف الهواء
650 0 4 _aمكيفات الهواء
650 0 4 _aالتهوية
650 0 4 _aغرف التبريد
942 _2ddc
_cBK
999 _c33160
_d33160